[Event "63rd ch-RUS HL w"]
[Site "Yekaterinburg RUS"]
[Date "2013.06.21"]
[Round "2.11"]
[White "Zasypkina, Evgenia"]
[Black "Saunina, Ludmila"]
[Result "1-0"]
[BlackTitle "WGM"]
[WhiteElo "1994"]
[BlackElo "2208"]
[WhiteFideId "24102784"]
[BlackFideId "4108698"]
[EventDate "2013.06.20"]

1. e4 e6 2. d4 d5 3. Nd2 Nf6 4. e5 Nfd7 5. Bd3 c5 6. c3 Nc6 7. Ne2 cxd4 8. cxd4
f6 9. exf6 Nxf6 10. Nf3 Bd6 11. O-O Qc7 12. Ng3 O-O 13. Re1 Bd7 14. Bd2 e5 15.
dxe5 Nxe5 16. Be2 Neg4 17. Bc3 Bc6 18. Bd4 Rae8 19. Bd3 a6 20. Ng5 Rxe1+ 21.
Qxe1 Re8 22. Qd1 Bd7 23. Bxf6 Nxf6 24. Bxh7+ Kf8 25. Bg6 Re5 26. Nf7 Re7 27.
Nxd6 Qxd6 28. Bf5 Re5 29. Bxd7 Qxd7 30. h3 Qe7 31. Qd4 Qc7 32. Qd2 Qb6 33. Rc1
Kf7 34. Kh2 Qd6 35. Qf4 g5 36. Qf3 Kg6 37. Kg1 Qb6 38. Qc3 Qe6 39. Qd3+ Kh6 40.
Rc7 b5 41. Qc3 Qe8 42. Ra7 Re1+ 43. Kh2 Re6 44. Nf5+ Kg6 45. Rg7+ Kxf5 46. g4+ 1-0

[Event "63rd ch-RUS HL w"]
[Site "Yekaterinburg RUS"]
[Date "2013.06.21"]
[Round "2.12"]
[White "Bivol, Alina"]
[Black "Korchagina, Viktoria"]
[Result "1/2-1/2"]
[WhiteTitle "WIM"]
[BlackTitle "WFM"]
[WhiteElo "2207"]
[BlackElo "2068"]
[WhiteFideId "4100123"]
[BlackFideId "4197224"]
[EventDate "2013.06.20"]

1. e4 c5 2. Nf3 d6 3. d4 cxd4 4. Nxd4 Nf6 5. Nc3 a6 6. h3 e6 7. g4 b5 8. Bg2 Bb7
9. O-O Be7 10. e5 Bxg2 11. exf6 Bxf1 12. fxe7 Qxe7 13. Kxf1 O-O 14. Qf3 d5 15.
b3 Qc5 16. Qd3 Nc6 17. Nxc6 Qxc6 18. Bb2 f5 19. g5 d4 20. Qxd4 Qh1+ 21. Ke2 Qxh3
22. g6 Qh5+ 23. f3 e5 24. gxh7+ Kh8 25. Qg1 Rf6 26. Nd5 Rg6 27. Qh1 Qg5 28. Ne3
f4 29. Ng4 e4 30. Ne5 Qg2+ 31. Qxg2 Rxg2+ 32. Kf1 Rxc2 33. Bd4 Rd2 34. Bc3 Rc2
35. Bd4 Kxh7 36. fxe4 g5 37. Rd1 Re8 38. Ng4 Kg6 39. Ne5+ Kh5 40. Nd7 Kg6 41.
Ne5+ Kh5 42. Nd7 Kg6 43. Ne5+ Kh5 1/2-1/2

[Event "63rd ch-RUS HL w"]
[Site "Yekaterinburg RUS"]
[Date "2013.06.21"]
[Round "2.14"]
[White "Sazonova, Anastasia"]
[Black "Poliushkina, Darjia"]
[Result "1-0"]
[WhiteTitle "WFM"]
[WhiteElo "2108"]
[BlackElo "1940"]
[WhiteFideId "24131008"]
[BlackFideId "24186660"]
[EventDate "2013.06.20"]

1. e4 e6 2. d4 d5 3. Nd2 Nf6 4. e5 Nfd7 5. Bd3 c5 6. c3 Nc6 7. Ne2 cxd4 8. cxd4
f6 9. exf6 Qxf6 10. Nf3 h6 11. O-O Bd6 12. Ng3 O-O 13. Bc2 Rf7 14. Nh5 Qd8 15.
Re1 Nf8 16. a3 Bd7 17. b4 Be8 18. Ne5 Bxe5 19. dxe5 Qb6 20. Be3 d4 21. Bf4 Rd7
22. Bd3 Bg6 23. Bxg6 Nxg6 24. Qg4 Kf7 25. Bxh6 Ncxe5 26. Rxe5 gxh6 27. Qf3+ Ke8
28. Nf6+ Ke7 29. Nxd7 Nxe5 30. Nxe5 1-0

[Event "63rd ch-RUS HL w"]
[Site "Yekaterinburg RUS"]
[Date "2013.06.22"]
[Round "3.1"]
[White "Ivakhinova, Inna"]
[Black "Bodnaruk, Anastasia"]
[Result "0-1"]
[WhiteTitle "WGM"]
[BlackTitle "IM"]
[WhiteElo "2291"]
[BlackElo "2440"]
[WhiteFideId "4185641"]
[BlackFideId "4181751"]
[EventDate "2013.06.20"]

1. d4 Nf6 2. c4 g6 3. Nf3 Bg7 4. g3 O-O 5. Bg2 d6 6. Nc3 Nc6 7. O-O a6 8. Bf4 h6
9. Qc1 g5 10. Bd2 e5 11. dxe5 dxe5 12. Rd1 Bd7 13. h4 g4 14. Ne1 Kh7 15. Qc2+
Kh8 16. Bxc6 bxc6 17. Na4 Qc8 18. e4 c5 19. Nc3 Be6 20. b3 Nd7 21. Be3 f5 22.
exf5 Bxf5 23. Qd2 Kh7 24. Nd3 e4 25. Nxc5 Ne5 26. Qc2 Qe8 27. Rd5 c6 28. Rdd1
Nd3 29. N5a4 Rd8 30. Rab1 Bg6 31. Qe2 Rf3 32. Kg2 Bd4 33. Bxd4 Rxd4 34. Rf1 Qe5
35. Rbd1 e3 36. Nb2 Nxf2 0-1

[Event "63rd ch-RUS HL w"]
[Site "Yekaterinburg RUS"]
[Date "2013.06.22"]
[Round "3.2"]
[White "Goryachkina, Aleksandra"]
[Black "Pustovidko, Anastasia"]
[Result "1-0"]
[WhiteTitle "WGM"]
[WhiteElo "2401"]
[BlackElo "1905"]
[WhiteFideId "4147103"]
[BlackFideId "24102547"]
[EventDate "2013.06.20"]

1. d4 Nf6 2. c4 g6 3. Nc3 Bg7 4. e4 d6 5. f3 O-O 6. Bg5 Nbd7 7. Qd2 e5 8. d5 h6
9. Be3 Ne8 10. Bd3 Nc5 11. Bc2 f5 12. exf5 Bxf5 13. O-O-O Kh7 14. Nge2 Bxc2 15.
Qxc2 Bf6 16. h4 Bxh4 17. Qd2 Rf5 18. Bxh6 Rh5 19. Be3 Kg7 20. f4 Nf6 21. Bxc5
dxc5 22. g3 Ng4 23. Rxh4 Rxh4 24. gxh4 Qxh4 25. fxe5 Nxe5 26. Nf4 Nxc4 27. Ne6+
Kg8 28. Qe2 Re8 29. Rg1 c6 30. Rxg6+ Kh8 31. Rg2 Qh1+ 32. Nd1 Qh6+ 33. Kb1 cxd5
34. Rh2 Rxe6 35. Rxh6+ Rxh6 36. Qe8+ Kg7 37. Qd7+ Kf8 38. Qxd5 Rd6 39. Qxc5 b6
40. Qf5+ Ke7 41. Nc3 Re6 42. Qh7+ Kd6 43. a3 Kc6 44. Qxa7 Na5 45. Qa8+ Kd7 46.
Qd5+ Rd6 47. Qf7+ Kc6 48. b4 Nb7 49. Qf3+ Kc7 50. Nb5+ 1-0

[Event "63rd ch-RUS HL w"]
[Site "Yekaterinburg RUS"]
[Date "2013.06.22"]
[Round "3.3"]
[White "Kovalevskaya, Ekaterina"]
[Black "Vasilevich, Irina"]
[Result "1/2-1/2"]
[WhiteTitle "IM"]
[BlackTitle "IM"]
[WhiteElo "2407"]
[BlackElo "2370"]
[WhiteFideId "4116704"]
[BlackFideId "4141296"]
[EventDate "2013.06.20"]

1. c4 e5 2. g3 Nf6 3. Bg2 d5 4. cxd5 Nxd5 5. Nf3 Nc6 6. O-O Be7 7. d4 e4 8. Ne5
f5 9. Nxc6 bxc6 10. Qc2 Qd7 11. Nd2 O-O 12. Nb3 Ba6 13. Re1 Nb4 14. Qc3 Nd5 15.
Qc2 Nb4 16. Qc3 Nd5 17. Qc2 1/2-1/2

[Event "63rd ch-RUS HL w"]
[Site "Yekaterinburg RUS"]
[Date "2013.06.22"]
[Round "3.4"]
[White "Kovanova, Baira"]
[Black "Drozdova, Dina"]
[Result "1/2-1/2"]
[WhiteTitle "WGM"]
[BlackTitle "WIM"]
[WhiteElo "2371"]
[BlackElo "2315"]
[WhiteFideId "4164083"]
[BlackFideId "4170695"]
[EventDate "2013.06.20"]

1. e4 e6 2. d4 d5 3. exd5 exd5 4. Nf3 Nf6 5. Bd3 Be7 6. O-O Bg4 7. h3 Bh5 8. Bf4
O-O 9. Nbd2 Nbd7 10. Re1 Re8 11. Nf1 Bg6 12. Ne5 Nxe5 13. dxe5 Ne4 14. Ng3 Nc5
15. Bxg6 hxg6 16. Qg4 Qc8 17. Qf3 c6 18. Rad1 Bh4 19. Nf1 Ne4 20. Re2 b5 21. Nd2
Nc5 22. Bg3 Be7 23. Nb3 Ne4 24. Bf4 a5 25. Nd4 Bc5 26. c3 a4 27. a3 Ba7 28. h4
Bb8 29. Nxb5 Bxe5 30. Bxe5 Rxe5 31. Nd4 Qb7 32. Qf4 Ree8 33. Rde1 c5 34. Nf3 Qb8
35. Qg4 Qc8 36. Qf4 Qb8 37. Qe3 Qb5 38. Ng5 Nf6 39. Qf3 Rxe2 40. Rxe2 Re8 41.
Rxe8+ 1/2-1/2

[Event "63rd ch-RUS HL w"]
[Site "Yekaterinburg RUS"]
[Date "2013.06.22"]
[Round "3.5"]
[White "Egorova, Ayyyna"]
[Black "Ubiennykh, Ekaterina"]
[Result "0-1"]
[WhiteTitle "WC"]
[BlackTitle "WIM"]
[WhiteElo "1991"]
[BlackElo "2344"]
[WhiteFideId "24136611"]
[BlackFideId "4137582"]
[EventDate "2013.06.20"]

1. e4 c5 2. Nf3 d6 3. d4 cxd4 4. Qxd4 Nc6 5. Bb5 Bd7 6. Bxc6 Bxc6 7. Nc3 Nf6 8.
Bg5 e6 9. Qd3 Qa5 10. h4 Nxe4 11. Bd2 Nxd2 12. Qxd2 Rc8 13. Qe3 Be7 14. h5 h6
15. Nd4 Bxg2 16. Rg1 Qxh5 17. Nce2 Qh3 18. f3 e5 19. Rd1 exd4 20. Nxd4 O-O 21.
Qe2 Qh4+ 0-1

[Event "63rd ch-RUS HL w"]
[Site "Yekaterinburg RUS"]
[Date "2013.06.22"]
[Round "3.6"]
[White "Romanko, Marina"]
[Black "Kashlinskaya, Alina"]
[Result "0-1"]
[WhiteTitle "IM"]
[BlackTitle "WGM"]
[WhiteElo "2368"]
[BlackElo "2329"]
[WhiteFideId "4149351"]
[BlackFideId "4198026"]
[EventDate "2013.06.20"]

1. d4 d5 2. c4 c6 3. Nc3 Nf6 4. e3 Bf5 5. cxd5 cxd5 6. Qb3 Nc6 7. Qxb7 Bd7 8.
Qb3 Rb8 9. Qd1 e5 10. dxe5 Nxe5 11. Nf3 Bd6 12. Be2 Qc7 13. h3 O-O 14. O-O Nxf3+
15. Bxf3 Rfd8 16. Qd3 Bh2+ 17. Kh1 Be5 18. Rg1 Be6 19. Nb5 Qd7 20. Nd4 Bxh3 21.
Qe2 Bg4 22. Rd1 Rb6 23. Kg1 Bb8 24. b3 Bxf3 25. Nxf3 Ne4 26. Bd2 Rg6 27. Kf1 Qg4
28. Ne1 Qh4 0-1

[Event "63rd ch-RUS HL w"]
[Site "Yekaterinburg RUS"]
[Date "2013.06.22"]
[Round "3.7"]
[White "Charochkina, Daria"]
[Black "Rodionova, Daria"]
[Result "1-0"]
[WhiteTitle "WGM"]
[BlackTitle "WFM"]
[WhiteElo "2326"]
[BlackElo "2109"]
[WhiteFideId "4180917"]
[BlackFideId "24136638"]
[EventDate "2013.06.20"]

1. e4 c5 2. Nf3 Nc6 3. Bb5 e6 4. O-O Nge7 5. c3 d5 6. exd5 Qxd5 7. Qe2 Nf5 8.
Rd1 Nd6 9. Bd3 Be7 10. Bc2 e5 11. d3 Qe6 12. Bb3 Qg4 13. Bd5 Bd7 14. Be3 b6 15.
Nbd2 Rc8 16. Ne4 O-O 17. h3 Qg6 18. Bxc6 Bxc6 19. Nxe5 Qe6 20. Nxc6 Rxc6 21. Qf3
Nxe4 22. dxe4 Rd6 23. Rd5 Rdd8 24. Rad1 Bf6 25. Bf4 Rfe8 26. e5 Be7 27. c4 h6
28. Qa3 a5 29. Qa4 Qc8 30. Rd7 Bf8 31. h4 g6 32. Bg3 Bg7 33. f4 Bf8 34. R1d5 Be7
35. Qd1 Rxd7 36. Rxd7 Rd8 37. Rd5 Qa8 38. h5 Qc8 39. Qd3 Kg7 40. hxg6 fxg6 41.
e6 Rxd5 42. cxd5 c4 43. Qd4+ Kh7 44. d6 Qd8 45. f5 gxf5 46. Qe5 1-0

[Event "63rd ch-RUS HL w"]
[Site "Yekaterinburg RUS"]
[Date "2013.06.22"]
[Round "3.8"]
[White "Tarasova, Viktoriya"]
[Black "Sazonova, Anastasia"]
[Result "1-0"]
[WhiteTitle "WIM"]
[BlackTitle "WFM"]
[WhiteElo "2292"]
[BlackElo "2108"]
[WhiteFideId "4175840"]
[BlackFideId "24131008"]
[EventDate "2013.06.20"]

1. d4 Nf6 2. c4 g6 3. Nc3 Bg7 4. e4 d6 5. Nf3 O-O 6. Be2 Na6 7. O-O e5 8. Re1
Qe8 9. Bf1 Bg4 10. d5 Nb4 11. Be2 a5 12. Rb1 Na6 13. Bg5 Bd7 14. Nd2 Kh8 15. b3
Nc5 16. a3 Ng8 17. f3 f5 18. Be3 Bh6 19. Bf2 Nf6 20. Bf1 Qf7 21. Qc2 Nh5 22. b4
axb4 23. axb4 Na4 24. Nb5 fxe4 25. Nxe4 Bxb5 26. cxb5 Nf4 27. Red1 Qe7 28. Rbc1
Rfc8 29. Kh1 Nh5 30. Rb1 Nb6 31. Rb3 Nf4 32. Be3 Bg7 33. Nc3 Nd7 34. g3 Nh5 35.
Ne4 h6 36. Bh3 Qf7 37. Kg2 Rf8 38. Bd2 Nb6 39. Be6 Qe7 40. Rc1 Nf6 41. Qxc7
Nbxd5 42. Qxe7 Nxe7 43. Nxd6 Ra2 44. Rd3 Raa8 45. Rc7 Nf5 46. Nf7+ Kh7 47. Bxf5
gxf5 48. Nxe5 Rfe8 49. Bc3 Ra2+ 50. Kh3 Kg8 51. Rxb7 Nh7 52. f4 Nf6 53. Rd2 Ra3
54. Bb2 Rb3 55. Nc6 Rbe3 56. Be5 Bh8 57. Ne7+ 1-0

[Event "63rd ch-RUS HL w"]
[Site "Yekaterinburg RUS"]
[Date "2013.06.22"]
[Round "3.9"]
[White "Sukhareva, Evgeniya"]
[Black "Zasypkina, Evgenia"]
[Result "1-0"]
[WhiteElo "2248"]
[BlackElo "1994"]
[WhiteFideId "4167155"]
[BlackFideId "24102784"]
[EventDate "2013.06.20"]

1. d4 d5 2. Nf3 Nf6 3. c4 e6 4. Bg5 c6 5. Qc2 Qa5+ 6. Nbd2 Ne4 7. Bf4 Nd7 8. a3
Ndf6 9. c5 Be7 10. h3 h6 11. e3 Nxd2 12. Nxd2 O-O 13. Be2 Qd8 14. b4 Nd7 15. a4
Re8 16. Qc3 Bf6 17. Nf3 Qe7 18. Bd6 Qd8 19. O-O Be7 20. Bh2 Nf6 21. Rfb1 Bd7 22.
b5 Qc8 23. Ne5 Bd8 24. b6 a6 25. Qc2 Be7 26. Nd3 Ne4 27. f3 Nf6 28. a5 Qd8 29.
Bc7 Qc8 30. Nb4 Rf8 31. Be5 Nh7 32. Nxa6 bxa6 33. b7 Qd8 34. b8=Q Rxb8 35. Rxb8
Bc8 36. Bxa6 Qd7 37. Bxc8 Rxc8 38. a6 1-0

[Event "63rd ch-RUS HL w"]
[Site "Yekaterinburg RUS"]
[Date "2013.06.22"]
[Round "3.11"]
[White "Iljushina, Olga"]
[Black "Bivol, Alina"]
[Result "1/2-1/2"]
[WhiteTitle "WGM"]
[BlackTitle "WIM"]
[WhiteElo "2334"]
[BlackElo "2207"]
[WhiteFideId "4152280"]
[BlackFideId "4100123"]
[EventDate "2013.06.20"]

1. d4 Nf6 2. Nf3 e6 3. g3 d5 4. c4 Bb4+ 5. Bd2 Be7 6. Bg2 O-O 7. Qc2 c6 8. O-O
b6 9. Rd1 Bb7 10. cxd5 cxd5 11. Ne5 Nfd7 12. Nd3 Nc6 13. e3 Rc8 14. Nc3 a6 15.
Rac1 b5 16. Qb1 Nb4 17. Nxb4 Bxb4 18. Ne2 Bd6 19. Rxc8 Bxc8 20. Rc1 b4 21. Nf4
Bxf4 22. gxf4 a5 23. Qc2 Nb8 24. Qc5 Bd7 25. Bf1 g5 26. fxg5 Qxg5+ 27. Kh1 Qd8
28. Be2 Kh8 29. a3 Rg8 30. Rg1 bxa3 31. bxa3 a4 32. Qd6 Rxg1+ 33. Kxg1 f6 34.
Ba5 Qg8+ 35. Kf1 Qe8 36. Bc7 Nc6 37. Bb5 Nb8 38. Be2 Nc6 39. Bh5 Qc8 40. Qf4 Kg7
41. Qg3+ Kh8 42. Qh4 Kg7 43. Bf4 Ne7 44. Be5 Qf8 45. Bd6 Qd8 46. Qg3+ Kh8 47.
Bc7 Qc8 48. Bg4 e5 49. Bxe5 fxe5 50. Qxe5+ Kg8 51. Qg5+ Kf8 52. Qh6+ Kg8 53.
Qg5+ Kf8 54. Qh6+ Kg8 1/2-1/2

[Event "63rd ch-RUS HL w"]
[Site "Yekaterinburg RUS"]
[Date "2013.06.22"]
[Round "3.12"]
[White "Korchagina, Viktoria"]
[Black "Dordzhieva, Dinara"]
[Result "0-1"]
[WhiteTitle "WFM"]
[BlackTitle "WC"]
[WhiteElo "2068"]
[BlackElo "2081"]
[WhiteFideId "4197224"]
[BlackFideId "24157570"]
[EventDate "2013.06.20"]

1. e4 c5 2. Nf3 d6 3. d4 cxd4 4. Nxd4 Nf6 5. Nc3 a6 6. Be3 e6 7. f3 b5 8. g4 b4
9. Nce2 h6 10. Qd2 e5 11. Nf5 d5 12. exd5 Qxd5 13. O-O-O Be6 14. Bg2 Nbd7 15.
Qxd5 Bxd5 16. Rhe1 g6 17. Nfg3 Bg7 18. h3 O-O 19. Ne4 Rac8 20. Kb1 a5 21. N2g3
Be6 22. Rd2 Nd5 23. Bg1 Rc7 24. Red1 Nf4 25. Bf1 Rb8 26. h4 a4 27. h5 b3 28.
cxb3 axb3 29. a3 f5 30. gxf5 gxf5 31. Nd6 Rf8 32. Bb5 e4 33. fxe4 fxe4 34. Ndxe4
Ne5 35. Bc5 Rfc8 36. Rd8+ Kh7 37. Rxc8 Rxc8 38. a4 Nc4 39. Ba6 Ra8 40. Bb7 Rxa4
41. Nc3 Nxb2 42. Rc1 Nc4 43. Nge4 Bf5 0-1

[Event "63rd ch-RUS HL w"]
[Site "Yekaterinburg RUS"]
[Date "2013.06.22"]
[Round "3.13"]
[White "Mirzoeva, Elmira"]
[Black "Nasybullina, Alfia"]
[Result "1/2-1/2"]
[WhiteTitle "WGM"]
[WhiteElo "2244"]
[BlackElo "2095"]
[WhiteFideId "4127951"]
[BlackFideId "4132416"]
[EventDate "2013.06.20"]

1. d4 Nf6 2. c4 c5 3. d5 e6 4. Nc3 exd5 5. cxd5 d6 6. Nf3 g6 7. Bf4 a6 8. a4 Bg7
9. h3 O-O 10. e3 Re8 11. Nd2 Nbd7 12. Be2 Ne5 13. O-O Nfd7 14. Re1 f5 15. Bg3 b6
16. Qc2 Nf6 17. f4 Nf7 18. Bf3 Bd7 19. e4 fxe4 20. Ndxe4 Nxe4 21. Nxe4 b5 22.
axb5 axb5 23. Rxa8 Qxa8 24. Bh4 Bd4+ 25. Kh2 Kg7 26. Rd1 Bf5 27. g4 Bxe4 28.
Bxe4 Qa4 29. b3 Qb4 30. Be1 Qa3 31. Bd3 b4 32. Bc4 Qa7 33. Bf2 Bc3 34. g5 Qe7
35. Bd3 Nd8 36. h4 Qf7 37. Bg3 Re3 38. Bc4 Qd7 39. Rd3 Qf5 40. Qd1 Re7 41. h5 h6
42. gxh6+ Kxh6 43. hxg6 Ra7 44. Qe2 Bf6 45. Rd2 Re7 46. Qf3 Qxg6 47. f5 Qg5 48.
Rg2 Re3 49. Qf2 Rxg3 50. Rxg3 Be5 51. Kg2 Bxg3 52. Qxg3 Qxg3+ 53. Kxg3 Kg5 54.
Bd3 Nf7 55. Bc2 Ne5 56. Bb1 Ng4 57. Bd3 Ne3 58. f6 Kxf6 59. Kf4 Nxd5+ 60. Ke4
Nc3+ 61. Ke3 Ke5 62. Bf1 Nd5+ 63. Kd3 Kf4 64. Bh3 Ne3 65. Be6 d5 66. Bg8 d4 67.
Bh7 Ke5 68. Bg6 c4+ 69. bxc4 b3 70. c5 b2 71. Kd2 Kd5 72. Bb1 Kxc5 73. Kd3 Nc4
74. Kc2 Kb4 75. Ba2 Kc5 76. Bb1 Kb5 77. Ba2 Kb4 78. Kd3 Ka3 79. Bb1 Kb3 80. Bc2+
Kb4 81. Kxd4 Na3 82. Kd3 Nb5 83. Kd2 Ka3 84. Bb1 Kb3 85. Bh7 Nd4 86. Bb1 Nf3+
87. Ke3 Ne5 88. Kd2 Nc4+ 89. Kd1 Kc3 90. Ba2 Na3 91. Ke2 Kc2 92. Ke3 Nb1 93. Bf7
Nc3 94. Kd4 Ne2+ 95. Ke3 Kc3 96. Bg6 Nd4 97. Bb1 Nb5 98. Ke2 Kb3 99. Kd2 Na3
100. Bg6 Nc4+ 101. Kd1 Kc3 102. Bb1 Ne3+ 103. Ke2 Kd4 104. Kd2 Nc4+ 105. Kc2 Kc5
106. Ba2 Kb4 107. Bxc4 Kxc4 108. Kxb2 1/2-1/2

[Event "63rd ch-RUS HL w"]
[Site "Yekaterinburg RUS"]
[Date "2013.06.22"]
[Round "3.14"]
[White "Saunina, Ludmila"]
[Black "Monina, Polina"]
[Result "1/2-1/2"]
[WhiteTitle "WGM"]
[WhiteElo "2208"]
[BlackElo "1958"]
[WhiteFideId "4108698"]
[BlackFideId "24127019"]
[EventDate "2013.06.20"]

1. d4 d5 2. c4 Bf5 3. Nc3 e6 4. Nf3 Nf6 5. Qb3 Nc6 6. cxd5 exd5 7. Bg5 Bb4 8. e3
O-O 9. Be2 Qd6 10. a3 Bxc3+ 11. bxc3 Na5 12. Qb4 Nc6 13. Qxd6 cxd6 14. Bxf6 gxf6
15. Ra2 Na5 16. Rb2 a6 17. Rb6 Rfd8 18. Kd2 Rac8 19. Nh4 Bg6 20. g4 Rc6 21. Rxc6
Nxc6 22. a4 Kf8 23. Nxg6+ fxg6 24. Rb1 Rd7 25. Rb6 Ne7 26. Bf3 Kf7 27. Kd3 Ke6
28. e4 dxe4+ 29. Bxe4 Nc8 30. Rb1 d5 31. Bg2 Kd6 32. c4 dxc4+ 33. Kxc4 b6 34.
Re1 Ne7 35. f4 Rc7+ 36. Kd3 Nd5 37. Bxd5 Kxd5 38. Re8 Rc1 39. Rd8+ Ke6 40. Rb8
Rd1+ 41. Kc3 Rc1+ 42. Kd3 Rd1+ 43. Kc3 Rc1+ 44. Kd2 Rb1 45. a5 b5 46. Kc2 Ra1
47. Rb6+ Kd5 48. Rxa6 Kxd4 49. Kb2 Ra4 50. Kb3 Ke4 51. Rxf6 Rxa5 52. f5 gxf5 53.
Rxf5 Ra1 54. Rh5 Kf4 55. h3 Ra7 56. Rxb5 h6 57. Rf5+ Kg3 58. Rh5 Ra6 59. Kc4 Rf6
60. Kd3 Kf4 61. Ke2 Kg3 62. Ke3 Re6+ 63. Kd4 Kf4 64. Kd5 Rf6 65. Kc5 Ra6 66. Kc4
Kg3 67. Kd4 Kf4 68. Kd3 Ra3+ 69. Kd4 Ra4+ 70. Kd3 Ra3+ 71. Kd4 Ra4+ 1/2-1/2

[Event "63rd ch-RUS HL w"]
[Site "Yekaterinburg RUS"]
[Date "2013.06.23"]
[Round "4.1"]
[White "Bodnaruk, Anastasia"]
[Black "Goryachkina, Aleksandra"]
[Result "1-0"]
[WhiteTitle "IM"]
[BlackTitle "WGM"]
[WhiteElo "2440"]
[BlackElo "2401"]
[WhiteFideId "4181751"]
[BlackFideId "4147103"]
[EventDate "2013.06.20"]

1. e4 c5 2. Nf3 d6 3. d4 cxd4 4. Nxd4 Nf6 5. Nc3 a6 6. Bg5 e6 7. f4 Nbd7 8. Qe2
Qc7 9. O-O-O Be7 10. g4 b5 11. Bg2 Bb7 12. e5 dxe5 13. fxe5 Nd5 14. Bxe7 Nxc3
15. bxc3 Kxe7 16. Bxb7 Qxb7 17. Rhf1 Qc7 18. Qe3 h6 19. g5 Rac8 20. gxh6 Qxc3
21. Qf4 Qa3+ 22. Kd2 Rxh6 23. Rf3 Qc5 24. Qxf7+ Kd8 25. Kc1 Qe7 26. Qg8+ Qe8 27.
Nxe6+ Rxe6 28. Rf8 Kc7 29. Rxe8 Rcxe8 30. Qxg7 R8e7 31. Qg1 Kb7 32. Rd6 Rxe5 33.
Qg2+ Kb8 34. Rxa6 Re4 35. Qg8+ Kc7 36. Qd5 1-0

[Event "63rd ch-RUS HL w"]
[Site "Yekaterinburg RUS"]
[Date "2013.06.23"]
[Round "4.2"]
[White "Vasilevich, Irina"]
[Black "Kashlinskaya, Alina"]
[Result "0-1"]
[WhiteTitle "IM"]
[BlackTitle "WGM"]
[WhiteElo "2370"]
[BlackElo "2329"]
[WhiteFideId "4141296"]
[BlackFideId "4198026"]
[EventDate "2013.06.20"]

1. b3 e5 2. Bb2 Nc6 3. e3 Nf6 4. c4 Be7 5. a3 O-O 6. b4 d5 7. cxd5 Qxd5 8. Nc3
Qe6 9. Be2 Rd8 10. Qb1 h6 11. d3 Qd6 12. Nf3 Bf5 13. Ne4 Nxe4 14. dxe4 Bg4 15.
O-O a6 16. h3 Bh5 17. Rd1 Qe6 18. Qc2 Bd6 19. Rd2 a5 20. b5 Na7 21. Bc4 Qf6 22.
Ne1 Bg6 23. Bc3 Qh4 24. Nf3 Qe7 25. a4 Nc8 26. Bd5 Ra7 27. Qb2 Re8 28. g3 Nb6
29. Nh4 Bh7 30. Nf5 Qf6 31. g4 h5 32. f4 Bxf5 33. exf5 Qh4 34. fxe5 Qg3+ 35. Kh1
Bxe5 36. Bxe5 Rxe5 37. Bg2 Nc4 38. Rd8+ Kh7 39. Qa2 Nxe3 40. f6 Nxg2 41. Qc2+ g6
42. Qxg2 Re1+ 43. Rxe1 Qxe1+ 44. Kh2 Qe5+ 45. Qg3 Qxf6 46. Qxc7 hxg4 47. hxg4
Qh4+ 48. Kg2 Qxg4+ 49. Kf1 Qf5+ 50. Ke2 Qh5+ 51. Ke3 b6 52. Qxa7 Qg5+ 53. Ke4
Qxd8 54. Qxf7+ Kh6 55. Qe6 Kg7 56. Qe5+ Kf7 57. Qf4+ Qf6 58. Qb8 g5 59. Qh2 Qe6+
60. Kd4 Ke7 61. Qh7+ Kd6 62. Qh2+ Kd7 63. Qh7+ Kc8 64. Qh8+ Kc7 65. Qa8 g4 66.
Qg2 Qd6+ 67. Ke4 g3 68. Qa2 Kd7 69. Qg2 Ke7 70. Kf3 Qd3+ 71. Kf4 Qd6+ 72. Kf3
Qa3+ 73. Kg4 Qxa4+ 74. Kxg3 Qxb5 0-1

[Event "63rd ch-RUS HL w"]
[Site "Yekaterinburg RUS"]
[Date "2013.06.23"]
[Round "4.3"]
[White "Ubiennykh, Ekaterina"]
[Black "Kovanova, Baira"]
[Result "1-0"]
[WhiteTitle "WIM"]
[BlackTitle "WGM"]
[WhiteElo "2344"]
[BlackElo "2371"]
[WhiteFideId "4137582"]
[BlackFideId "4164083"]
[EventDate "2013.06.20"]

1. c4 Nf6 2. Nf3 e6 3. g3 b6 4. Bg2 Bb7 5. O-O Be7 6. Re1 O-O 7. Nc3 Ne4 8. Nxe4
Bxe4 9. d3 Bb7 10. e4 c5 11. d4 cxd4 12. Nxd4 Nc6 13. Nb5 d6 14. Be3 Ne5 15. b3
a6 16. Nc3 Qc7 17. Rc1 Nd7 18. f4 Rfe8 19. Bf2 Rab8 20. a4 Rbc8 21. h4 Qb8 22.
g4 Nc5 23. Bg3 Qa8 24. g5 f5 25. gxf6 Bxf6 26. b4 Bxc3 27. Rxc3 Nxe4 28. Bxe4
Bxe4 29. Qxd6 b5 30. c5 Rcd8 31. Qe5 Bh1 32. Qe2 bxa4 33. Kh2 Bd5 34. Rg1 Bc6
35. Be1 Rd7 36. Rcg3 Qd8 37. Rg5 Qf6 38. Qe3 Qb2+ 39. Kh3 Qc2 40. Qe5 Qd3+ 41.
R5g3 Qf5+ 42. Qxf5 exf5 43. Bc3 Re4 44. Bxg7 Kf7 45. Be5 Rd2 46. h5 Ke6 47. Kh4
Rh2+ 48. Rh3 Rxh3+ 49. Kxh3 Re3+ 50. Kh4 a3 51. Rd1 Bg2 52. Rd6+ Ke7 53. Rxa6
Rh3+ 54. Kg5 Bf3 55. Ra7+ Ke6 56. Rxh7 a2 57. h6 Rh1 58. Ra7 Rg1+ 59. Kh4 Bd5
60. h7 1-0

[Event "63rd ch-RUS HL w"]
[Site "Yekaterinburg RUS"]
[Date "2013.06.23"]
[Round "4.4"]
[White "Kovalevskaya, Ekaterina"]
[Black "Ivakhinova, Inna"]
[Result "1-0"]
[WhiteTitle "IM"]
[BlackTitle "WGM"]
[WhiteElo "2407"]
[BlackElo "2291"]
[WhiteFideId "4116704"]
[BlackFideId "4185641"]
[EventDate "2013.06.20"]

1. Nf3 d5 2. c4 c6 3. e3 Nf6 4. Nc3 e6 5. Qc2 Nbd7 6. b3 Bd6 7. Bb2 O-O 8. Be2
Re8 9. O-O e5 10. cxd5 Nxd5 11. Ne4 Bc7 12. Ng3 N7f6 13. d3 Qe7 14. a3 a5 15. h3
Bd7 16. Rfe1 Rac8 17. Bf1 c5 18. e4 Nf4 19. Nf5 Bxf5 20. exf5 Nd7 21. g3 Nh5 22.
Bg2 b6 23. Re2 Qf6 24. Rae1 Re7 25. Nd2 g6 26. fxg6 hxg6 27. Nc4 Rce8 28. Ne3
Qd6 29. Nd5 Re6 30. Nxc7 Qxc7 31. d4 Qd6 32. dxe5 Nxe5 33. Qc3 f6 34. f4 Nc6 35.
Qc4 Nd8 36. Bd5 Kf7 37. Bxe6+ Rxe6 38. Rxe6 Nxe6 39. Kh2 Ng7 40. Qe4 Nf5 41. Re2
Ne7 42. h4 Qd7 43. Bc3 Qd6 44. Rd2 Qc7 45. Bb2 Ng7 46. Qd3 Ngf5 47. Qc4+ 1-0